[Event "ESP-chT Primera Division 2019"]
[Site "Linares"]
[Date "2019.09.01"]
[Round "7.9"]
[White "Cuenca Jimenez, Jose Fernando"]
[Black "Fernandez Gonzalez, Juan Carlos"]
[Result "1-0"]
[WhiteElo "2515"]
[BlackElo "2396"]
[Annotator "ChessBase"]
[PlyCount "87"]
[EventDate "2019.08.26"]
[EventType "team-tourn"]
[EventCountry "ESP"]
[SourceTitle "playchess.com"]
[Source "ChessBase"]
[SourceQuality "1"]
[TimeControl "5400+30"]

1. c4 {[%emt 0:00:00]} c6 {[%emt 0:00:17]} 2. d4 {[%emt 0:00:23]} Nf6 {[%emt 0:00:24]} 3. Nf3 {[%emt 0:00:47]} g6 {[%emt 0:00:48]} 4. Nc3 {[%emt 0:00:49]} d5 {[%emt 0:00:56]} 5. e3 {[%emt 0:00:38]} Bg7 {[%emt 0:00:39]} 6. Be2 {[%emt 0:00:06]} O-O {[%emt 0:01:06]} 7. O-O {[%emt 0:00:04]} Nbd7 {[%emt 0:02:18]} 8. Qc2 {[%emt 0:07:29]} dxc4 {[%emt 0:11:00]} 9. Bxc4 {[%emt 0:01:01]} Qc7 {[%emt 0:03:01]} 10. b3 {[%emt 0:06:21]} Nb6 {[%emt 0:03:56]} 11. Be2 {[%emt 0:07:21]} Nbd5 {[%emt 0:04:26]} 12. Bb2 {[%emt 0:04:33]} Nxc3 {[%emt 0:06:38]} 13. Qxc3 {[%emt 0:00:58]} Bf5 {[%emt 0:06:24]} 14. Rac1 {[%emt 0:04:04]} Ne4 {[%emt 0:05:41]} 15. Qc4 {[%emt 0:07:17]} Qa5 {[%emt 0:06:57]} 16. b4 {[%emt 0:08:34]} Qb6 {[%emt 0:00:48]} 17. Ba3 {[%emt 0:04:29]} Rfe8 {[%emt 0:02:35]} 18. Qb3 {[%emt 0:07:48]} Rac8 19. Rfd1 {[%emt 0:01:24]} Bf6 {[%emt 0:15:58]} 20. Ne5 {[%emt 0:07:58]} Be6 {[%emt 0:02:00]} 21. Qc2 {[%emt 0:01:58]} Nd6 {[%emt 0:05:26]} 22. Qb1 {[%emt 0:18:47]} a5 23. Nc4 {[%emt 0:00:02]} Nxc4 {[%emt 0:03:41]} 24. Bxc4 {[%emt 0:00:30]} Bd5 25. Qb3 {[%emt 0:03:26]} axb4 {[%emt 0:08:16]} 26. Bxb4 {[%emt 0:00:30]} e6 {[%emt 0:01:56]} 27. Qc3 {[%emt 0:01:36]} Bxc4 {[%emt 0:05:13]} 28. Qxc4 {[%emt 0:00:02]} Ra8 {[%emt 0:00:39]} 29. Bc5 {[%emt 0:03:16]} Qa6 {[%emt 0:00:06]} 30. Qb3 {[%emt 0:01:34]} Be7 {[%emt 0:00:14]} 31. Bxe7 {[%emt 0:00:37]} Rxe7 {[%emt 0:00:02]} 32. Rd2 {[%emt 0:00:15]} Rd7 {[%emt 0:00:34]} 33. Rb2 {[%emt 0:00:53]} Ra7 {[%emt 0:01:26]} 34. h4 {[%emt 0:00:26]} h5 {[%emt 0:00:09]} 35. Rc4 {[%emt 0:00:24]} Rd5 {[%emt 0:01:33]} 36. Rb4 {[%emt 0:00:14]} c5 {[%emt 0:02:09]} 37. dxc5 {[%emt 0:00:59]} Rxc5 {[%emt 0:00:07]} 38. Qd1 {[%emt 0:00:42]} Qc6 {[%emt 0:00:40]} 39. Qd8+ {[%emt 0:00:03]} Kg7 {[%emt 0:00:22]} 40. Rf4 {[%emt 0:00:17]} Rf5 {[%emt 0:00:17]} 41. Rfb4 {[%emt 0:01:20]} Rfa5 {[%emt 0:00:44]} 42. Qd2 {[%emt 0:00:17]} Qa6 {[%emt 0:00:55]} 43. Qc3+ {[%emt 0:00:34]} Kh7 {[%emt 0:00:34]} 44. Rb6 {[%emt 0:00:01]} 1-0

[Event "ESP-chT Primera Division 2019"]
[Site "Linares"]
[Date "2019.09.01"]
[Round "7.10"]
[White "Vaya Gomez, Alejandro"]
[Black "Alshameary Puente, Ismael"]
[Result "1-0"]
[WhiteElo "2032"]
[BlackElo "2444"]
[Annotator "NA"]
[PlyCount "47"]
[EventDate "2019.08.26"]
[EventType "team-tourn"]
[EventCountry "ESP"]
[SourceTitle "playchess.com"]
[Source "ChessBase"]
[SourceQuality "1"]
[TimeControl "5400+30"]

1. c4 {[%emt 0:00:00]} e5 {[%emt 0:00:00]} 2. Nc3 {[%emt 0:00:00]} Nf6 {[%emt 0:00:00]} 3. g3 {[%emt 0:00:00]} d5 {[%emt 0:00:00]} 4. cxd5 {[%emt 0:00:00]} Nxd5 {[%emt 0:00:00]} 5. Bg2 {[%emt 0:00:00]} Nb6 {[%emt 0:00:00]} 6. d3 {[%emt 0:00:52]} Be7 {[%emt 0:00:00]} 7. Nf3 {[%emt 0:00:07]} Nc6 {[%emt 0:00:01]} 8. O-O {[%emt 0:00:07]} O-O {[%emt 0:00:05]} 9. a3 {[%emt 0:00:33]} Re8 {[%emt 0:00:11]} 10. b4 {[%emt 0:00:46]} Bf8 {[%emt 0:00:06]} 11. Bb2 {[%emt 0:00:23]} a5 {[%emt 0:01:59]} 12. b5 {[%emt 0:00:44]} Nd4 {[%emt 0:00:02]} 13. e3 {[%emt 0:03:45]} Nxf3+ {[%emt 0:03:01]} 14. Bxf3 {[%emt 0:01:09]} a4 {[%emt 0:00:11]} 15. Rc1 {[%emt 0:08:38]} Ra7 {[%emt 0:15:50]} 16. Qc2 {[%emt 0:12:49]} Bh3 {[%emt 0:07:11]} 17. Rfe1 {[%emt 0:05:12]} Qd7 {[%emt 0:00:15]} 18. Ne4 {[%emt 0:26:25]} Qxb5 {[%emt 0:12:01]} 19. d4 {[%emt 0:04:47]} Nc4 {[%emt 0:30:20]} 20. Qxc4 {[%emt 0:16:21]} Qxb2 {[%emt 0:00:37]} 21. Ng5 {[%emt 0:00:16]} Be6 {[%emt 0:00:09]} 22. d5 {[%emt 0:00:43]} Bc8 {[%emt 0:00:54]} 23. Qxc7 {[%emt 0:03:15]} Be7 {[%emt 0:01:52]} 24. Qxe7 {[%emt 0:00:33]} 1-0

[Event "ESP-chT Primera Division 2019"]
[Site "Linares"]
[Date "2019.09.01"]
[Round "7.11"]
[White "Cori T., Deysi"]
[Black "Iglesias Ferreira, Andres"]
[Result "1-0"]
[WhiteElo "2400"]
[BlackElo "1845"]
[Annotator "NA"]
[PlyCount "91"]
[EventDate "2019.08.26"]
[EventType "team-tourn"]
[EventCountry "ESP"]
[SourceTitle "playchess.com"]
[Source "ChessBase"]
[SourceQuality "1"]
[TimeControl "5400+30"]

1. d4 {[%emt 0:00:00]} d5 {[%emt 0:00:00]} 2. c4 {[%emt 0:00:00]} dxc4 {[%emt 0:00:00]} 3. e3 {[%emt 0:01:55]} a6 {[%emt 0:00:07]} 4. Bxc4 {[%emt 0:00:24]} b5 {[%emt 0:00:26]} 5. Qf3 {[%emt 0:14:00]} bxc4 {[%emt 0:08:13]} 6. Qxa8 {[%emt 0:00:05]} Be6 {[%emt 0:06:43]} 7. Nc3 {[%emt 0:00:34]} Nf6 {[%emt 0:04:55]} 8. e4 {[%emt 0:00:40]} Bd7 {[%emt 0:06:57]} 9. Bf4 {[%emt 0:04:06]} e6 {[%emt 0:20:44]} 10. Nge2 {[%emt 0:09:41]} Nh5 {[%emt 0:12:54]} 11. Be3 {[%emt 0:04:36]} Bd6 {[%emt 0:02:03]} 12. e5 {[%emt 0:10:07]} Bc6 {[%emt 0:02:18]} 13. Qa7 {[%emt 0:00:01]} Bb4 {[%emt 0:03:23]} 14. a3 {[%emt 0:03:49]} Ba5 {[%emt 0:08:38]} 15. Qc5 {[%emt 0:00:42]} Bb5 {[%emt 0:00:30]} 16. a4 {[%emt 0:01:08]} Nd7 {[%emt 0:00:59]} 17. Qa3 {[%emt 0:10:29]} Bc6 {[%emt 0:00:26]} 18. O-O {[%emt 0:00:25]} Qh4 {[%emt 0:00:37]} 19. d5 {[%emt 0:10:32]} exd5 {[%emt 0:01:58]} 20. Nd4 {[%emt 0:03:20]} Bb7 {[%emt 0:05:15]} 21. Nf5 {[%emt 0:00:49]} Qd8 {[%emt 0:00:18]} 22. h4 {[%emt 0:07:30]} h6 {[%emt 0:02:37]} 23. Rad1 {[%emt 0:00:20]} g6 {[%emt 0:01:49]} 24. Nxh6 {[%emt 0:00:17]} Qe7 {[%emt 0:03:30]} 25. Qxe7+ {[%emt 0:08:43]} Kxe7 {[%emt 0:00:07]} 26. Nxd5+ {[%emt 0:00:04]} Ke6 {[%emt 0:00:22]} 27. Nc3 {[%emt 0:00:38]} Nb6 {[%emt 0:02:29]} 28. g4 {[%emt 0:01:42]} Ng7 {[%emt 0:01:44]} 29. f4 {[%emt 0:00:25]} Bxc3 {[%emt 0:00:40]} 30. bxc3 {[%emt 0:00:56]} Be4 {[%emt 0:01:50]} 31. Bxb6 {[%emt 0:02:16]} Rxh6 {[%emt 0:02:01]} 32. Bxc7 {[%emt 0:00:02]} Bd3 {[%emt 0:00:32]} 33. Bd8 {[%emt 0:00:31]} Ne8 {[%emt 0:00:36]} 34. Rf3 {[%emt 0:00:52]} Rh7 {[%emt 0:00:42]} 35. Rfxd3 {[%emt 0:00:49]} cxd3 {[%emt 0:00:08]} 36. Rxd3 {[%emt 0:00:01]} f5 {[%emt 0:00:27]} 37. exf6 {[%emt 0:00:18]} Nxf6 {[%emt 0:00:09]} 38. Bxf6 {[%emt 0:01:42]} Kxf6 {[%emt 0:00:02]} 39. Rd6+ {[%emt 0:00:05]} Ke7 {[%emt 0:00:11]} 40. Rxa6 {[%emt 0:00:09]} Rxh4 {[%emt 0:00:04]} 41. Rxg6 {[%emt 0:00:05]} Rh3 {[%emt 0:00:15]} 42. a5 {[%emt 0:00:34]} Rxc3 {[%emt 0:00:14]} 43. Kf2 {[%emt 0:00:25]} Ra3 {[%emt 0:00:16]} 44. a6 {[%emt 0:00:02]} Kf7 {[%emt 0:00:16]} 45. Rb6 {[%emt 0:00:06]} Kf8 {[%emt 0:00:24]} 46. g5 {[%emt 0:00:15]} 1-0

[Event "ESP-chT Primera Division 2019"]
[Site "Linares"]
[Date "2019.09.01"]
[Round "7.12"]
[White "Garcia Elio, Elisa"]
[Black "Antunez Munoz, Ines"]
[Result "0-1"]
[WhiteElo "1812"]
[BlackElo "1891"]
[Annotator "NA"]
[PlyCount "88"]
[EventDate "2019.08.26"]
[EventType "team-tourn"]
[EventCountry "ESP"]
[SourceTitle "playchess.com"]
[Source "ChessBase"]
[SourceQuality "1"]
[TimeControl "5400+30"]

1. d4 {[%emt 0:00:00]} d5 {[%emt 0:00:08]} 2. Bf4 {[%emt 0:00:56]} e6 {[%emt 0:00:21]} 3. e3 {[%emt 0:01:41]} Nf6 {[%emt 0:00:39]} 4. Nf3 {[%emt 0:02:03]} c5 {[%emt 0:00:16]} 5. c3 {[%emt 0:02:05]} Nc6 {[%emt 0:03:01]} 6. Bd3 {[%emt 0:07:37]} Qb6 {[%emt 0:11:35]} 7. Qb3 {[%emt 0:23:17]} c4 {[%emt 0:02:14]} 8. Qxb6 {[%emt 0:00:27]} axb6 {[%emt 0:00:06]} 9. Bc2 {[%emt 0:02:04]} b5 {[%emt 0:01:06]} 10. O-O {[%emt 0:04:57]} b4 {[%emt 0:03:33]} 11. Nbd2 {[%emt 0:08:18]} Be7 {[%emt 0:03:20]} 12. Ne5 {[%emt 0:09:44]} Nxe5 {[%emt 0:02:47]} 13. Bxe5 {[%emt 0:00:26]} O-O {[%emt 0:02:19]} 14. h3 {[%emt 0:05:47]} Bd7 {[%emt 0:01:39]} 15. e4 {[%emt 0:02:23]} Ra6 {[%emt 0:04:07]} 16. Bxf6 {[%emt 0:04:20]} Bxf6 {[%emt 0:06:19]} 17. cxb4 {[%emt 0:11:45]} Bxd4 {[%emt 0:00:22]} 18. Rad1 {[%emt 0:03:49]} Bb5 {[%emt 0:06:17]} 19. a4 {[%emt 0:01:01]} Bxa4 20. Bxa4 {[%emt 0:00:21]} Rxa4 {[%emt 0:00:54]} 21. Nxc4 {[%emt 0:04:56]} Bxf2+ {[%emt 0:08:34]} 22. Rxf2 {[%emt 0:00:18]} dxc4 {[%emt 0:00:07]} 23. b5 {[%emt 0:00:48]} Rb4 {[%emt 0:01:40]} 24. Rd4 {[%emt 0:00:30]} h6 {[%emt 0:00:39]} 25. Kh2 {[%emt 0:01:16]} Kh7 {[%emt 0:02:26]} 26. Rc2 {[%emt 0:01:23]} Rc8 {[%emt 0:00:57]} 27. Rd7 {[%emt 0:00:15]} Rxb5 {[%emt 0:05:40]} 28. Rxf7 {[%emt 0:00:14]} b6 {[%emt 0:00:57]} 29. Rd2 {[%emt 0:00:34]} Kg6 {[%emt 0:01:50]} 30. Rdd7 {[%emt 0:00:37]} Rg8 {[%emt 0:00:47]} 31. Rf2 {[%emt 0:00:27]} Re5 {[%emt 0:03:11]} 32. Rd6 {[%emt 0:00:42]} b5 {[%emt 0:01:29]} 33. Rb6 {[%emt 0:00:08]} Rd8 {[%emt 0:00:38]} 34. Kg3 {[%emt 0:00:51]} Rd4 {[%emt 0:03:03]} 35. Rb7 {[%emt 0:00:26]} Rg5+ {[%emt 0:02:18]} 36. Kf3 {[%emt 0:00:48]} Rd3+ {[%emt 0:02:42]} 37. Ke2 {[%emt 0:00:14]} Rb3 {[%emt 0:00:13]} 38. Kf1 {[%emt 0:00:28]} Re3 {[%emt 0:02:38]} 39. Rf4 {[%emt 0:00:58]} Rb3 {[%emt 0:01:48]} 40. Rf2 {[%emt 0:00:15]} Kh7 {[%emt 0:01:26]} 41. Rb6 {[%emt 0:00:45]} Re5 {[%emt 0:00:28]} 42. Rf4 {[%emt 0:00:33]} Rxb2 {[%emt 0:00:18]} 43. Rb7 {[%emt 0:00:14]} c3 {[%emt 0:01:06]} 44. h4 {[%emt 0:00:42]} c2 {[%emt 0:00:23]} 0-1

[Event "ESP-chT Primera Division 2019"]
[Site "Linares"]
[Date "2019.09.01"]
[Round "7.13"]
[White "Cori, Jorge"]
[Black "Delorme, Axel"]
[Result "1-0"]
[WhiteElo "2686"]
[BlackElo "2489"]
[Annotator "TA"]
[PlyCount "83"]
[EventDate "2019.08.26"]
[EventType "team-tourn"]
[EventCountry "ESP"]
[SourceTitle "playchess.com"]
[Source "ChessBase"]
[SourceQuality "1"]

{[%evp 16,83,5,-13,-10,-24,-17,-28,-30,-17,-16,-49,-49,-58,-36,-95,-10,-10,0,0,29,25,25,15,39,21,65,65,46,67,61,5,16,5,55,50,47,38,34,37,33,34,45,41,45,27,22,39,141,94,101,91,216,216,204,216,217,217,210,184,312,212,457,466,840,839,955,948,862,896]} 1. c4 e6 2. Nf3 d5 3. e3 c5 4. b3 d4 5. exd4 cxd4 6. g3 Nc6 7. Bg2 Nf6 8. O-O Bd6 9. d3 O-O {A13: English Opening: 1...e6} 10. a3 (10. Re1 Re8 11. a3 a5 12. Qc2 e5 13. Bg5 h6 14. Bxf6 Qxf6 15. Nbd2 Bf8 16. c5 Qe7 17. Rac1 {½-½ (57) Sargissian,G (2691)-Mastrovasilis,D (2594) Batumi 2018}) 10... a5 11. Nbd2 e5 {Black has an edge.} 12. Qe2 $146 ({Predecessor:} 12. Qc2 Re8 13. Re1 h6 14. Ne4 Nxe4 15. dxe4 Qe7 16. Qb2 {½-½ (30) Fernandez Garcia,M (2358)-Silva Rodriguez,F (2255) Linares 2016}) 12... Re8 13. h3 h6 14. Re1 Rb8 15. g4 {[#]} (15. Nh4 $15) 15... Nh7 (15... Ne7 $1 $17) 16. Ne4 $11 Bf8 17. Bd2 f5 18. gxf5 Bxf5 19. Nh2 Qh4 20. Qf1 Be7 21. Nf3 Qh5 22. Ng3 Qg6 23. Nxf5 ({Better is} 23. Qe2 $14) 23... Qxf5 24. Qe2 {[%cal Rf3e5]} Ng5 (24... Kh8 {looks sharper.} 25. Qe4 Qxe4 26. Rxe4 Nf6 27. Rxe5 Nxe5 28. Nxe5 Kg8) 25. Nxg5 ({But not} 25. Nxe5 Bd6 $15) 25... Bxg5 26. b4 Bxd2 27. Qxd2 axb4 28. axb4 Ne7 29. Qe2 Ng6 30. Qg4 $36 {[%mdl 2048] White has good play.} Qf6 31. Be4 Nh4 (31... Nf4 $14) 32. c5 Rf8 33. Re2 Nf3+ (33... Kh8 $16) 34. Kg2 $18 Ng5 {[#]} 35. Bd5+ $1 Kh8 36. h4 Nf7 37. Qg3 Nd8 (37... Rfd8 $142) 38. Qxe5 Qxh4 $2 (38... Qxe5 {was worth a try.} 39. Rxe5 Nc6 40. Bxc6 bxc6) 39. Rh1 {White is clearly winning.} ({Not} 39. Qxb8 Qg5+ 40. Qg3 Qxd5+ 41. Kg1 Ne6 $18) 39... Qf6 (39... Qg4+ $142 40. Kf1 Qf4 41. Qxf4 Rxf4 42. Re8+ Kh7 43. Be4+ g6) 40. Qxf6 {[%mdl 64] Overworked Piece} Rxf6 41. Re8+ Kh7 42. Rh4 {Accuracy: White = 59%, Black = 33%.} 1-0

[Event "ESP-chT Primera Division 2019"]
[Site "Linares"]
[Date "2019.09.01"]
[Round "7.15"]
[White "Henderson de La Fuente, Lance"]
[Black "Alonso Moyano, Jonathan"]
[Result "1-0"]
[WhiteElo "2487"]
[BlackElo "2358"]
[Annotator "ChessBase"]
[PlyCount "93"]
[EventDate "2019.08.26"]
[EventType "team-tourn"]
[EventCountry "ESP"]
[SourceTitle "playchess.com"]
[Source "ChessBase"]
[SourceQuality "1"]
[TimeControl "5400+30"]

1. e4 {[%emt 0:00:00]} c5 {[%emt 0:00:00]} 2. Nf3 {[%emt 0:00:00]} d6 {[%emt 0:00:00]} 3. d4 {[%emt 0:00:00]} Nf6 {[%emt 0:00:00]} 4. Nc3 {[%emt 0:00:02]} cxd4 {[%emt 0:00:01]} 5. Nxd4 {[%emt 0:00:06]} a6 {[%emt 0:00:07]} 6. Bg5 {[%emt 0:00:12]} Nbd7 {[%emt 0:00:16]} 7. Qe2 {[%emt 0:00:30]} e6 {[%emt 0:11:11]} 8. O-O-O {[%emt 0:01:12]} Be7 {[%emt 0:00:09]} 9. Be3 {[%emt 0:01:23]} h5 {[%emt 0:09:59]} 10. g3 {[%emt 0:00:36]} Qc7 {[%emt 0:02:08]} 11. Bg2 {[%emt 0:03:02]} g6 {[%emt 0:11:42]} 12. Kb1 {[%emt 0:02:21]} e5 {[%emt 0:07:10]} 13. Nb3 {[%emt 0:03:20]} b5 {[%emt 0:00:19]} 14. f4 {[%emt 0:04:52]} b4 {[%emt 0:09:46]} 15. Nd5 {[%emt 0:00:27]} Nxd5 {[%emt 0:00:06]} 16. exd5 {[%emt 0:00:17]} a5 {[%emt 0:00:38]} 17. Rhe1 {[%emt 0:12:25]} O-O {[%emt 0:05:32]} 18. Nc1 {[%emt 0:09:13]} exf4 {[%emt 0:09:27]} 19. Bxf4 {[%emt 0:07:28]} Bf6 {[%emt 0:01:35]} 20. Bh6 {[%emt 0:00:40]} Ba6 {[%emt 0:01:47]} 21. Qf2 {[%emt 0:00:54]} Rfe8 {[%emt 0:01:43]} 22. Rxe8+ {[%emt 0:10:01]} Rxe8 {[%emt 0:00:11]} 23. Bf1 {[%emt 0:00:27]} Bxf1 {[%emt 0:11:05]} 24. Rxf1 {[%emt 0:00:05]} Re5 {[%emt 0:00:07]} 25. Nd3 {[%emt 0:04:33]} Rxd5 {[%emt 0:05:16]} 26. Qe3 {[%emt 0:01:55]} Qd8 {[%emt 0:02:05]} 27. Qe4 {[%emt 0:05:42]} Rd4 {[%emt 0:01:48]} 28. Qf3 {[%emt 0:05:29]} Qe7 {[%emt 0:00:42]} 29. Qa8+ {[%emt 0:11:40]} Kh7 {[%emt 0:00:10]} 30. Bc1 {[%emt 0:00:23]} Nc5 {[%emt 0:02:28]} 31. Nf4 {[%emt 0:06:12]} Qe4 {[%emt 0:03:12]} 32. Qf8 {[%emt 0:01:57]} Qe7 {[%emt 0:02:37]} 33. Qa8 {[%emt 0:01:48]} Bg7 {[%emt 0:01:22]} 34. Qxa5 {[%emt 0:01:04]} Ne4 {[%emt 0:00:30]} 35. Nd3 {[%emt 0:01:05]} f5 {[%emt 0:01:00]} 36. Qb5 {[%emt 0:03:21]} d5 {[%emt 0:00:42]} 37. Rd1 {[%emt 0:00:41]} Nc5 {[%emt 0:00:48]} 38. Re1 {[%emt 0:00:38]} Re4 {[%emt 0:00:26]} 39. Rxe4 {[%emt 0:00:12]} Nxe4 {[%emt 0:00:02]} 40. Qxb4 {[%emt 0:00:38]} Qa7 {[%emt 0:01:14]} 41. a4 {[%emt 0:00:32]} Qg1 {[%emt 0:00:17]} 42. a5 {[%emt 0:00:17]} Qxh2 {[%emt 0:00:35]} 43. a6 {[%emt 0:00:16]} Qg1 {[%emt 0:00:14]} 44. Qb7 {[%emt 0:01:18]} Nd6 {[%emt 0:00:20]} 45. Qd7 {[%emt 0:01:04]} Nc4 {[%emt 0:00:46]} 46. a7 {[%emt 0:00:41]} Nb6 {[%emt 0:00:50]} 47. Qb7 {[%emt 0:00:31]} 1-0

[Event "ESP-chT Primera Division 2019"]
[Site "Linares"]
[Date "2019.09.01"]
[Round "7.16"]
[White "Martinez Ramirez, Erik"]
[Black "Cramling, Pia"]
[Result "1/2-1/2"]
[WhiteElo "2217"]
[BlackElo "2493"]
[Annotator "ChessBase"]
[PlyCount "146"]
[EventDate "2019.08.26"]
[EventType "team-tourn"]
[EventCountry "ESP"]
[SourceTitle "playchess.com"]
[Source "ChessBase"]
[SourceQuality "1"]
[TimeControl "5400+30"]

1. e4 {[%emt 0:00:00]} c5 {[%emt 0:00:00]} 2. Nf3 {[%emt 0:00:00]} Nc6 {[%emt 0:00:00]} 3. d4 {[%emt 0:00:00]} cxd4 {[%emt 0:00:04]} 4. Nxd4 {[%emt 0:00:00]} e6 {[%emt 0:00:16]} 5. Nc3 {[%emt 0:00:04]} a6 {[%emt 0:00:15]} 6. Be3 {[%emt 0:02:30]} Nf6 {[%emt 0:00:53]} 7. Bd3 {[%emt 0:00:53]} Qc7 {[%emt 0:04:30]} 8. O-O {[%emt 0:01:57]} Nxd4 {[%emt 0:00:19]} 9. Bxd4 {[%emt 0:00:08]} Bc5 {[%emt 0:00:08]} 10. Bxc5 {[%emt 0:00:32]} Qxc5 {[%emt 0:00:06]} 11. Qe2 {[%emt 0:01:20]} d6 {[%emt 0:00:43]} 12. Rfe1 {[%emt 0:04:36]} e5 {[%emt 0:03:57]} 13. Bc4 {[%emt 0:01:46]} Be6 {[%emt 0:08:44]} 14. Bb3 {[%emt 0:00:36]} Rc8 {[%emt 0:03:21]} 15. Qe3 {[%emt 0:00:59]} Qxe3 {[%emt 0:05:33]} 16. Rxe3 {[%emt 0:00:19]} Ke7 {[%emt 0:00:19]} 17. Rd1 {[%emt 0:04:10]} Rc6 {[%emt 0:01:28]} 18. Rd2 {[%emt 0:12:11]} Rhc8 {[%emt 0:05:13]} 19. f3 {[%emt 0:01:04]} b5 {[%emt 0:03:30]} 20. Ree2 {[%emt 0:00:27]} Rb6 {[%emt 0:18:52]} 21. Nd1 {[%emt 0:10:24]} a5 {[%emt 0:03:05]} 22. Ne3 {[%emt 0:04:14]} Rc5 {[%emt 0:01:30]} 23. c3 {[%emt 0:04:42]} b4 {[%emt 0:15:07]} 24. c4 {[%emt 0:04:11]} Ra6 {[%emt 0:02:28]} 25. Nd5+ {[%emt 0:00:42]} Bxd5 {[%emt 0:01:19]} 26. cxd5 {[%emt 0:00:17]} a4 {[%emt 0:01:39]} 27. Bc2 {[%emt 0:02:13]} Nd7 {[%emt 0:00:08]} 28. b3 {[%emt 0:07:40]} a3 {[%emt 0:02:50]} 29. Bd3 {[%emt 0:01:48]} Rc1+ {[%emt 0:00:05]} 30. Kf2 {[%emt 0:00:04]} Ra5 {[%emt 0:00:06]} 31. Rc2 {[%emt 0:00:23]} Rc5 {[%emt 0:00:26]} 32. Bc4 {[%emt 0:03:17]} Rh1 {[%emt 0:00:44]} 33. h3 {[%emt 0:01:01]} g6 {[%emt 0:00:26]} 34. Re1 {[%emt 0:02:20]} Rxe1 {[%emt 0:00:06]} 35. Kxe1 {[%emt 0:00:03]} f5 {[%emt 0:00:35]} 36. g3 {[%emt 0:02:29]} Rc8 {[%emt 0:03:40]} 37. Kf2 {[%emt 0:03:15]} Nf6 {[%emt 0:05:47]} 38. Bd3 {[%emt 0:03:28]} Rxc2+ {[%emt 0:00:50]} 39. Bxc2 {[%emt 0:00:01]} f4 {[%emt 0:02:36]} 40. g4 {[%emt 0:01:40]} Nd7 {[%emt 0:00:41]} 41. h4 {[%emt 0:01:00]} h6 {[%emt 0:01:19]} 42. Ke2 {[%emt 0:02:19]} g5 {[%emt 0:01:25]} 43. h5 {[%emt 0:00:40]} Nc5 {[%emt 0:00:15]} 44. Kd2 {[%emt 0:00:10]} Kd8 {[%emt 0:00:14]} 45. Bd1 {[%emt 0:01:10]} Kc7 {[%emt 0:00:06]} 46. Kc2 {[%emt 0:00:20]} Kb6 {[%emt 0:00:15]} 47. Kd2 {[%emt 0:04:30]} Nd7 {[%emt 0:00:26]} 48. Be2 {[%emt 0:02:53]} Kc5 {[%emt 0:00:26]} 49. Bd3 {[%emt 0:01:20]} Kd4 {[%emt 0:00:38]} 50. Bb1 {[%emt 0:00:15]} Nf6 {[%emt 0:01:32]} 51. Bd3 {[%emt 0:01:25]} Nd7 {[%emt 0:03:08]} 52. Bb1 {[%emt 0:00:06]} Nb6 {[%emt 0:00:59]} 53. Bc2 {[%emt 0:00:19]} Kc5 {[%emt 0:00:06]} 54. Kd3 {[%emt 0:00:33]} Kb5 {[%emt 0:00:30]} 55. Kd2 {[%emt 0:00:19]} Nc8 {[%emt 0:00:20]} 56. Bd3+ {[%emt 0:00:21]} Kc5 {[%emt 0:00:05]} 57. Bc2 {[%emt 0:01:01]} Kd4 {[%emt 0:00:49]} 58. Bb1 {[%emt 0:00:19]} Ne7 {[%emt 0:00:09]} 59. Bc2 {[%emt 0:00:30]} Ng8 {[%emt 0:00:08]} 60. Bb1 {[%emt 0:00:16]} Nf6 {[%emt 0:00:15]} 61. Bc2 {[%emt 0:00:26]} Nd7 {[%emt 0:02:06]} 62. Bb1 {[%emt 0:00:10]} Nb6 {[%emt 0:02:16]} 63. Bc2 {[%emt 0:00:06]} Kc5 {[%emt 0:00:11]} 64. Kd3 {[%emt 0:00:28]} Na8 {[%emt 0:00:38]} 65. Kd2 {[%emt 0:00:25]} Nc7 {[%emt 0:00:04]} 66. Bd3 {[%emt 0:00:13]} Nxd5 {[%emt 0:01:20]} 67. exd5 {[%emt 0:00:06]} Kxd5 {[%emt 0:00:02]} 68. Bf1 {[%emt 0:05:39]} Kd4 {[%emt 0:00:07]} 69. Bg2 {[%emt 0:01:41]} d5 {[%emt 0:00:10]} 70. Bh1 {[%emt 0:00:03]} e4 {[%emt 0:00:12]} 71. Bg2 {[%emt 0:00:02]} Ke5 {[%emt 0:01:05]} 72. Bh1 {[%emt 0:01:12]} Kd4 {[%emt 0:00:08]} 73. Bg2 {[%emt 0:00:03]} Ke5 {[%emt 0:01:26]} 1/2-1/2

[Event "ESP-chT Primera Division 2019"]
[Site "Linares"]
[Date "2019.09.01"]
[Round "7.17"]
[White "Castellanos Rodriguez, Renier"]
[Black "Rivas Garcia, Victor"]
[Result "1/2-1/2"]
[WhiteElo "2493"]
[BlackElo "2165"]
[Annotator "ChessBase"]
[PlyCount "68"]
[EventDate "2019.08.26"]
[EventType "team-tourn"]
[EventCountry "ESP"]
[SourceTitle "playchess.com"]
[Source "ChessBase"]
[SourceQuality "1"]
[TimeControl "5400+30"]

1. e4 {[%emt 0:00:00]} c5 {[%emt 0:00:00]} 2. Nf3 {[%emt 0:00:00]} e6 {[%emt 0:00:00]} 3. g3 {[%emt 0:03:24]} Nc6 {[%emt 0:01:24]} 4. Bg2 {[%emt 0:00:09]} Nf6 {[%emt 0:02:15]} 5. Qe2 {[%emt 0:01:18]} Be7 {[%emt 0:01:57]} 6. O-O {[%emt 0:01:22]} d5 {[%emt 0:02:02]} 7. d3 {[%emt 0:02:10]} b5 {[%emt 0:04:15]} 8. a4 {[%emt 0:06:35]} b4 {[%emt 0:01:36]} 9. Re1 {[%emt 0:02:40]} O-O {[%emt 0:02:51]} 10. e5 {[%emt 0:00:35]} Nd7 {[%emt 0:00:27]} 11. Bf4 {[%emt 0:01:47]} a5 {[%emt 0:02:05]} 12. h4 {[%emt 0:00:42]} Ba6 {[%emt 0:01:01]} 13. Qd1 {[%emt 0:06:56]} Nb6 {[%emt 0:09:14]} 14. Nbd2 {[%emt 0:00:49]} c4 {[%emt 0:03:36]} 15. d4 {[%emt 0:02:19]} c3 {[%emt 0:00:33]} 16. bxc3 {[%emt 0:00:06]} bxc3 {[%emt 0:00:09]} 17. Nb3 {[%emt 0:00:54]} Nc4 {[%emt 0:04:12]} 18. Ng5 {[%emt 0:04:01]} h6 {[%emt 0:06:24]} 19. Nh3 {[%emt 0:05:36]} Qe8 {[%emt 0:03:55]} 20. Bc1 {[%emt 0:03:19]} Nb4 {[%emt 0:06:34]} 21. Nf4 {[%emt 0:08:05]} Kh7 {[%emt 0:05:40]} 22. Qf3 {[%emt 0:09:21]} Rc8 {[%emt 0:09:23]} 23. Bf1 {[%emt 0:03:09]} Nd2 {[%emt 0:03:32]} 24. Nxd2 {[%emt 0:00:23]} cxd2 {[%emt 0:00:06]} 25. Bxd2 {[%emt 0:00:06]} Bxf1 {[%emt 0:00:41]} 26. Bxb4 {[%emt 0:02:55]} Bxb4 {[%emt 0:00:19]} 27. Rxf1 {[%emt 0:00:19]} Rc4 {[%emt 0:02:20]} 28. Ne2 {[%emt 0:04:51]} Qc6 {[%emt 0:01:02]} 29. Ra2 {[%emt 0:02:29]} Kg8 {[%emt 0:00:34]} 30. Qb3 {[%emt 0:04:00]} Rc8 {[%emt 0:00:32]} 31. Rc1 {[%emt 0:00:20]} Bd2 {[%emt 0:01:47]} 32. Rd1 {[%emt 0:00:18]} Bb4 {[%emt 0:00:25]} 33. Rc1 {[%emt 0:00:35]} Bd2 {[%emt 0:00:06]} 34. Rd1 {[%emt 0:00:32]} Bb4 {[%emt 0:00:05]} 1/2-1/2